000 00387nam a2200145Ia 4500
008 230917s9999||||xx |||||||||||||| ||und||
040 _e63523
_aMAIN
041 _aEnglish
082 _a616.8914 J235N
100 _aJames, Muriel
245 0 _aNew self: Self therapy with transactional analysis
260 _aMenlo Park
_bAddison-Wesley
_c1977
300 _axvii, 331 p.
942 _cBK
999 _c177847
_d177847